Powiaty w województwie podlaskim - nagła śmierć - Statystyki

Ogólne statystyki
  • Ten quiz został rozwiązany 90 razy
    68 od ostatniego zresetowania
  • Średni wynik to 12 z 17
Answers on the Grid
Answers color-coded by a green-red scale on the quiz's grid according to % correct below.
augustowski
bartoszycki
białostocki
Białystok
bielski
bytowski
cieszyński
gołdapski
gorlicki
grajewski
hajnowski
iławski
kazimierski
kolneński
kościerski
krasnostawski
krośnieński
kutnowski
łęczyński
lipski
Łódź
Łomża
łomżyński
lwówecki
mławski
moniecki
nakielski
nowotomyski
oleśnicki
opatowski
Ostrołęka
raciborski
ropczycko-sędziszowski
Ruda Śląska
sejneński
siemiatycki
sierpecki
sokólski
Suwałki
suwalski
świdnicki
świdwiński
tomaszowski
Toruń
wałecki
Włocławek
wysokomazowiecki
żagański
zambrowski
żniński
 
Statystyki odpowiedzi
Odpowiedź % Poprawnych
Białystok
96%
białostocki
93%
augustowski
91%
łomżyński
78%
Suwałki
78%
suwalski
78%
grajewski
76%
hajnowski
76%
Łomża
76%
sejneński
74%
bielski
65%
sokólski
65%
siemiatycki
63%
zambrowski
61%
kolneński
59%
wysokomazowiecki
59%
moniecki
54%
Nie znaleziono quizów pasujących do podanych kryteriów
Rozkład punktacji
Procent ludzi z każdym wynikiem
Percentyl według liczby udzielonych odpowiedzi
Twoja historia wyników
Nie rozwiązałeś tego quizu od ostatniego zresetowania